000 00524nam a2200193Ia 4500
005 20250923150015.0
008 008 250917s9999 xx 000 0 eng d
037 _aTextual
040 _aDSWL
_beng
_cDSWL
041 _aeng
_2eng
084 _aY:5x1, N98
_qDSWL
245 0 _aPopulation and global security
_cEd. by N. Polunin
260 _aCambridge
_bUni. Press
_c1998
300 _axii,316 p.
365 _aINR
_b675.00
925 _g675.00
942 _cTEXL
_hY:5x1, N98
999 _c1458430
_d1458430